Titles and bureaux of Egypt 1850-1700 BC /

محفوظ في:

المؤلف الرئيسي: Quirke, Stephen (مؤلف)

التنسيق: كتاب

اللغة: English

سلاسل: Egyptology ; 1.

الموضوعات:

الوسوم: إضافة وسم

لا توجد وسوم, كن أول من يضع وسما على هذه التسجيلة!

رقم الطلب: DT59 .E88 v.1

LEADER 00985namaa2200277 4500
001 13460
003 OSt
005 20210814073859.0
008 130303s2004 enka g b 001 0 eng d
952 |0 0  |1 0  |2 lcc  |3 V.1  |4 0  |6 DT0059 E88 V.00001  |7 1  |9 17670  |a ARCE  |b ARCE  |d 2021-08-14  |l 0  |o DT59 .E88 v.1  |p 1022053  |r 2021-08-14 00:00:00  |w 2021-08-14  |y BK 
999 |c 14537  |d 14537 
020 |a 9780954721800 
040 |c ARCE Library 
043 |a f-ua--- 
050 0 4 |a DT59 .E88 v.1 
100 1 |a Quirke, Stephen,  |e author  |9 38025 
245 1 0 |a Titles and bureaux of Egypt 1850-1700 BC /  |c Stephen Quirke. 
264 1 |a London :  |b Golden House,  |c 2004. 
300 |a vi, 153 pages :  |b illustrations ;  |c 21 cm. 
490 1 |a Egyptology ;   |v 1. 
504 |a Includes bibliographical references (pages 152-153) and index. 
650 0 |a Egyptian language  |v Glossaries, vocabularies, etc. 
651 0 |a Egypt  |x Officials and employees  |x Titles.  
830 0 |a Egyptology ;   |v 1.  
901 |a reviewed 
942 |c BK  |2 lcc